| 000 | 00629nam a22002055i 4500 | ||
|---|---|---|---|
| 999 |
_c12299 _d12299 |
||
| 003 | OSt | ||
| 005 | 20240116160515.0 | ||
| 008 | 221014s2023 mau 000 0 eng | ||
| 020 |
_a9783035627077 _q(hardback) |
||
| 042 | _apcc | ||
| 082 | _a720 | ||
| 245 | 0 | 0 |
_aRe: action : _burban resilience, sustainable growth, and the vitality of cities and ecosystems in the post-information age / _cHani Rashid. |
| 263 | _a2305 | ||
| 300 | _apages cm | ||
| 490 | 0 |
_aEdition angewandte, _x1866248X |
|
| 700 | 1 |
_aRashid, Hani, _eeditor. |
|
| 906 |
_a0 _bibc _corignew _d2 _eepcn _f20 _gy-gencatlg |
||
| 942 | _2ddc | ||